The Oxford paperback Spanish dictionary: Spanish-English, English-Spanish
This dictionary covers the essential vocabulary of everyday life. It composes 45000 words and phrrases, 70000 translations, up to date and easy to use, includes coverage of Latin American Spanish, pronunciation guidance, verb tables. This dictionary is specially designed for students, tourists, and...
Đã lưu trong:
| 主要作者: | |
|---|---|
| 格式: | 圖書 |
| 語言: | Undetermined |
| 出版: |
New York
Oxford Univ. Press
1994
|
| 主題: | |
| 標簽: |
添加標簽
沒有標簽, 成為第一個標記此記錄!
|
| Thư viện lưu trữ: | Trung tâm Học liệu Trường Đại học Cần Thơ |
|---|
| LEADER | 00939nam a2200205Ia 4500 | ||
|---|---|---|---|
| 001 | CTU_14936 | ||
| 008 | 210402s9999 xx 000 0 und d | ||
| 020 | |b 17.50df | ||
| 082 | |a 463.21 | ||
| 082 | |b L433 | ||
| 100 | |a Christine Lea | ||
| 245 | 4 | |a The Oxford paperback Spanish dictionary: Spanish-English, English-Spanish | |
| 245 | 0 | |c Christine Lea | |
| 260 | |a New York | ||
| 260 | |b Oxford Univ. Press | ||
| 260 | |c 1994 | ||
| 520 | |a This dictionary covers the essential vocabulary of everyday life. It composes 45000 words and phrrases, 70000 translations, up to date and easy to use, includes coverage of Latin American Spanish, pronunciation guidance, verb tables. This dictionary is specially designed for students, tourists, and travellers | ||
| 650 | |a english language - dictionaries - spanish,spanish language - dictionaries - english | ||
| 904 | |i Minh, 970107 | ||
| 980 | |a Trung tâm Học liệu Trường Đại học Cần Thơ | ||